„Wir sind alle Mischlinge": Über transkulturelle Identitäten

Saved in:  
Bibliographic Details
Main Author: Welsch, Wolfgang 1946- (Author)
Format: Print Article
Language:German
Check availability: HBZ Gateway
Interlibrary Loan:Interlibrary Loan for the Fachinformationsdienste (Specialized Information Services in Germany)
Published: 2020
In: Transkulturelle Hermeneutik ; 1: Vorträge auf Einladung des Walter Benjamin-Lehrstuhls für deutsch-jüdische Literatur- und Kulturwissenschaft an der Hebräischen Universität in Jerusalem
Year: 2020, Pages: 125-142

MARC

LEADER 00000caa a22000002c 4500
001 1804067504
003 DE-627
005 20220522011156.0
007 tu
008 220521s2020 xx ||||| 00| ||ger c
020 |a 9783896937506 
035 |a (DE-627)1804067504 
035 |a (DE-599)KXP1804067504 
040 |a DE-627  |b ger  |c DE-627  |e rda 
041 |a ger 
084 |a 0  |2 ssgn 
100 1 |e VerfasserIn  |0 (DE-588)128555343  |0 (DE-627)374718598  |0 (DE-576)216098831  |4 aut  |a Welsch, Wolfgang  |d 1946- 
109 |a Welsch, Wolfgang 1946-  |a Velšs, Volfgangs 1946-  |a Verushu, Vorufugangu 1946- 
245 1 0 |a „Wir sind alle Mischlinge"  |b Über transkulturelle Identitäten 
264 1 |c 2020 
336 |a Text  |b txt  |2 rdacontent 
337 |a ohne Hilfsmittel zu benutzen  |b n  |2 rdamedia 
338 |a Band  |b nc  |2 rdacarrier 
601 |a Identität 
773 0 8 |i Enthalten in  |t Transkulturelle Hermeneutik ; 1: Vorträge auf Einladung des Walter Benjamin-Lehrstuhls für deutsch-jüdische Literatur- und Kulturwissenschaft an der Hebräischen Universität in Jerusalem  |d Berlin : Weidler Buchverlag, 2020  |g (2020), Seite 125-142  |h 320 Seiten  |w (DE-627)173472482X  |z 9783896937506  |z 3896937502  |7 nnam 
773 1 8 |g year:2020  |g pages:125-142 
935 |a mteo 
951 |a AR 
ELC |b 1 
LOK |0 000 xxxxxcx a22 zn 4500 
LOK |0 001 4137211027 
LOK |0 003 DE-627 
LOK |0 004 1804067504 
LOK |0 005 20220521034942 
LOK |0 008 220521||||||||||||||||ger||||||| 
LOK |0 035   |a (DE-Tue135)173472482X_2020_125 
LOK |0 040   |a DE-Tue135  |c DE-627  |d DE-Tue135 
LOK |0 092   |o n 
LOK |0 852   |a DE-Tue135 
LOK |0 852 1  |9 00 
LOK |0 935   |a imwa  |a ixau  |a rwrk 
LOK |0 939   |a 21-05-22  |b l01 
ORI |a SA-MARC-ixtheoa001.raw 
REL |a 1 
SUB |a REL